| 000 | 00959nam a2200217Ia 4500 | ||
|---|---|---|---|
| 001 | 13122 | ||
| 003 | GE_BSU | ||
| 008 | 181216s||||||||xx |||||||||||||| ||und|| | ||
| 040 | _cGE_BSU | ||
| 080 | _a631.4 | ||
| 100 | _aВильямс,В.Р. | ||
| 245 | _aСобрание сочинении в двенадцати томах.т.10. Статьи в энциклопедиях,научные отчеты,заключения, письма,експертизы | ||
| 245 | _cРед.кол.В.П.Бушинский.Т.Д.Лысенко.Ред.А.И.Корчагин | ||
| 260 | _aМосква | ||
| 260 | _bГосиздат сель.-хоз.лит-ры | ||
| 260 | _c1952 | ||
| 300 | _a356стр.27см.фото | ||
| 653 | _aСобрание сочинении в двенадцати томах. | ||
| 653 | _aСтатьи в энциклопедиях,научные отчеты,заключения, письма,експертизы | ||
| 942 | _cBK | ||
| 999 |
_c46288 _d46288 |
||